| 000 | 00466cam a22001337a 4500 | ||
|---|---|---|---|
| 008 | 180718b1993 xxu||||| |||| 00| 0 eng d | ||
| 082 | _aT19 P759 | ||
| 100 | _aRoe, Terry | ||
| 245 | _aThe political economy of reform: Egypt in the 1980s | ||
| 260 |
_aOxford _bBlackwell _c1993 |
||
| 300 | _ap.179-224 | ||
| 500 | _a[In] Political and economic iinteractons in economiic policy reform, edited by Robert H. Bates and Anne O. Krueger | ||
| 650 | _aEgypt - Economic Policy | ||
| 999 |
_c364726 _d364726 |
||